000 00503nam a22001577a 4500
999 _c114079
_d114079
005 20191001112054.0
008 191001b ||||| |||| 00| 0 eng d
020 _a9789380691398
040 _cPK-LaUMT
082 _aRHC 891.4398
_bMAN-M
100 _aMansoor Ahmad Mansoor = منصور احمد منصور
245 _aMouj-e-qalam = موج قلم /
_cby Mansoor Ahmad Mansoor = منصور احمد منصور
260 _aSrinagar :
_bMezan Publishers,
_c2011
300 _a187 p.
942 _cBK